Homoeo Patients (Materia Medica in Verse) (Record no. 206557)

MARC details
000 -LEADER
fixed length control field 00616nam a2200181 4500
005 - DATE AND TIME OF LATEST TRANSACTION
control field 20241022115240.0
010 ## - LCCN (DPL NO)
LC control number ENG-142236
020 ## - INTERNATIONAL STANDARD BOOK NUMBER
Terms of availability 225.00
035 ## - SYSTEM CONTROL NUMBER
System control number EN-125768
037 ## - SOURCE OF ACQUISITION
Source of stock number/acquisition DBAD
082 ## - DEWEY DECIMAL CLASSIFICATION NUMBER
Classification number 615.532
245 ## - TITLE STATEMENT
Title Homoeo Patients (Materia Medica in Verse)
Statement of responsibility, etc Compiled By- Onkar Singh Khalsa
260 ## - PUBLICATION, DISTRIBUTION, ETC. (IMPRINT)
Place of publication, distribution, etc New Delhi
Name of publisher, distributor, etc Pushkinder Singh Khalsa
270 ## - ADDRESS
Address Tanya Impex Amrit Niwas, 7/18
City West Patel Nagar
Postal code 110008
Telephone number 9899651275
-- 9810527456
Electronic mail address impex.tanya@gmail.com
300 ## - PHYSICAL DESCRIPTION
Extent 219p.
Dimensions 17cm(pb)
700 ## - ADDED ENTRY--PERSONAL NAME
Personal name Compiled By- Onkar Singh Khalsa
9 (RLIN) 73130
942 ## - ADDED ENTRY ELEMENTS (KOHA)
Source of classification or shelving scheme Dewey Decimal Classification
Item type English Books
Classification part 615.532
Call number suffix HOM
Holdings
Withdrawn status Lost status Not for loan Collection code Home library Current library Date acquired Source of acquisition Cost, normal purchase price Full call number Barcode Copy number Cost, replacement price Koha item type
      Non-fiction Bawana Bawana 22/10/2024 DBAD 225.00 615.532 HOM EN-125768 1 225.00 English Books

© Delhi Public Library
Hit Counter
free hit counter